Statystyki dla 15 krajów o największej liczbie zgonów Covid19 - 11 maja 2022

Kliknij tutaj aby rozwiązać quiz!

Ogólne statystyki

  • Ten quiz został rozwiązany 35 razy
  • Średni wynik to 14 z 27

Statystyki odpowiedzi

kraj% Poprawnych
Polska
100%
Rosja
100%
Stany Zjednoczone
96%
Włochy
92%
Francja
88%
Niemcy
84%
Wielka Brytania
80%
Brazylia
76%
Indie
72%
Meksyk
68%
Argentyna
56%
Czechy
56%
Słowacja
48%
Litwa
40%
Indonezja
36%
Łotwa
36%
Słowenia
36%
Bośnia i Hercegowina
32%
Chorwacja
28%
Kolumbia
28%
Peru
28%
Bułgaria
24%
Iran
24%
Węgry
24%
Gruzja
20%
Rumunia
20%
Macedonia Północna
4%

Rozkład punktacji

Percentyl według liczby udzielonych odpowiedzi

Procent ludzi z każdym wynikiem

Twoja historia wyników

Nie rozwiązałeś tego quizu